|
|
|
|
| LEADER |
01890nam a2200481 4500 |
| 001 |
on1041143727 |
| 003 |
OCoLC |
| 005 |
20200326101153.0 |
| 006 |
m o d |
| 007 |
cr cnu---unuuu |
| 008 |
180620s2018 xx o 000 0 eng d |
| 040 |
|
|
|a OPELS
|b eng
|e rda
|e pn
|c OPELS
|d N$T
|d OCLCF
|d UPM
|d NLE
|d D6H
|d UKAHL
|d GrThAP
|
| 020 |
|
|
|a 9780128145777
|q (electronic bk.)
|
| 020 |
|
|
|a 0128145773
|q (electronic bk.)
|
| 020 |
|
|
|a 9780128145760
|q (print)
|
| 035 |
|
|
|a (OCoLC)1041143727
|
| 050 |
|
4 |
|a RC182.S24
|
| 072 |
|
7 |
|a HEA
|x 039000
|2 bisacsh
|
| 072 |
|
7 |
|a MED
|x 014000
|2 bisacsh
|
| 072 |
|
7 |
|a MED
|x 022000
|2 bisacsh
|
| 072 |
|
7 |
|a MED
|x 112000
|2 bisacsh
|
| 072 |
|
7 |
|a MED
|x 045000
|2 bisacsh
|
| 082 |
0 |
4 |
|a 616.9/63
|2 23
|
| 245 |
0 |
0 |
|a Asiatic liver fluke :
|b from basic science to public health.
|n Part A /
|c edited by Banchob Sripa, Paul J. Brindley.
|
| 264 |
|
1 |
|a [Place of publication not identified] :
|b Academic Press,
|c 2018.
|
| 300 |
|
|
|a 1 online resource.
|
| 336 |
|
|
|a text
|b txt
|2 rdacontent
|
| 337 |
|
|
|a computer
|b c
|2 rdamedia
|
| 338 |
|
|
|a online resource
|b cr
|2 rdacarrier
|
| 490 |
1 |
|
|a Advances in parasitology ;
|v volume 101
|
| 588 |
0 |
|
|a Online resource; title from PDF title page (ScienceDirect, viewed June 20, 2018).
|
| 650 |
|
0 |
|a Liver flukes.
|
| 650 |
|
7 |
|a HEALTH & FITNESS / Diseases / General
|2 bisacsh
|
| 650 |
|
7 |
|a MEDICAL / Clinical Medicine
|2 bisacsh
|
| 650 |
|
7 |
|a MEDICAL / Diseases
|2 bisacsh
|
| 650 |
|
7 |
|a MEDICAL / Evidence-Based Medicine
|2 bisacsh
|
| 650 |
|
7 |
|a MEDICAL / Internal Medicine
|2 bisacsh
|
| 650 |
|
7 |
|a Liver flukes.
|2 fast
|0 (OCoLC)fst01000706
|
| 655 |
|
4 |
|a Electronic books.
|
| 700 |
1 |
|
|a Sripa, Banchob,
|e editor.
|
| 700 |
1 |
|
|a Brindley, Paul J.
|q (Paul James),
|d 1954-
|e editor.
|
| 830 |
|
0 |
|a Advances in parasitology ;
|v v. 101.
|
| 856 |
4 |
0 |
|3 ScienceDirect
|u https://www.sciencedirect.com/science/bookseries/0065308X/101
|z Full Text via HEAL-Link
|